000 002400000a22000970004500
100 1 _aAshton, Mark
245 1 0 _aLuke 4:14-30 : Freedom for the oppressed
300 _aVol. 16, Núm 2 (1998), Páginas 38-41
773 0 _tEvangel
942 _cANA
999 _c54485
_d54485